000 00517nam a2200217Ia 4500
003 OST
005 20240606080811.0
008 150730s9999 xx 000 0 und d
020 _a9781844801008
040 _cMRUC
050 _aQA75.5.F7 2006
100 _aFrench,C.S.
245 _aData Processing And Information Technology
250 _a10
264 _aLondon
264 _bThomson
264 _c2006
650 _a Electronic data processing
942 _2lcc
_cBK
999 _c126
_d126